most streamed taylor swift songs - Statistics

General Stats
  • This quiz has been taken 25 times
  • The average score is 34 of 50
Answer Stats
Answer % Correct
2 Blank Space
94%
1 Cruel Summer
94%
18 Love Story
94%
29 ME!
94%
23 The Fate of Ophelia
94%
42 Bad Blood
89%
6 cardigan
89%
4 Lover
89%
9 Style
89%
37 You Belong With Me
89%
26 Enchanted
83%
11 Look What You Made Me Do
83%
7 Shake It Off
83%
39 We Are Never Ever Getting Back Together
83%
5 Anti-Hero
78%
8 august
78%
10 Don't Blame Me
78%
19 I Knew You Were Trouble.
78%
31 Lavender Haze
78%
27 ...Ready For It?
78%
28 The Man
78%
35 champagne problems
72%
12 Delicate
72%
3 I Don't Wanna Live Forever
72%
20 willow
72%
16 You Need To Calm Down
72%
21 exile
67%
17 Fortnight
67%
33 Midnight Rain
67%
32 You're On Your Own, Kid
67%
13 All Too Well (10 Minute Version)
61%
45 End Game
61%
30 Getaway Car
61%
24 Karma
61%
40 the 1
61%
14 Wildest Dreams
61%
43 Bejeweled
56%
38 I Can Do It With a Broken Heart
56%
47 Maroon
56%
48 Is It Over Now?
50%
44 Daylight
44%
50 I Did Something Bad
44%
36 my tears ricochet
44%
41 Gorgeous
39%
15 Love Story (Taylor's Version)
39%
34 Paper Rings
39%
22 You Belong With Me (Taylor's Version)
39%
46 illicit affairs
28%
25 Wildest Dreams (Taylor's Version)
28%
49 The Way I Loved You (Taylor's Version)
17%
No matching quizzes found
Score Distribution
Percent of People with Each Score
Percentile by Number Answered
Your Score History
You have not taken this quiz